[Event "Eq:modesty-Royal Kids :"]
[Site "www.echecsemail.com"]
[Date "2026.01.23"]
[Round "1"]
[White "Nbelnico"]
[Black "Fresiers"]
[WhiteElo "1730"]
[BlackElo "2200"]
[Result "0-1"]
1.e4 c6
2.Bf1c4 d5
3.exd5 cxd5
4.Bc4b3 e5
5.Ng1f3 Nb8c6
6.Bb3a4 Bf8d6
7.O-O Ng8f6
8.h3 O-O
9.d4 e4
10.Ba4xc6 bxc6
11.Nf3e1 h6
12.Nb1c3 Bc8a6
13.Ne1d3 exd3
14.cxd3 Rf8e8
15.a3 Qd8b6
16.Bc1e3 Qb6xb2
17.Nc3e2 Qb2b6
18.a4 Qb6c7
19.Kh1 g5
20.Rf1e1 Kh7
21.Ne2c3 Ba6c8
22.Qd1f3 Kg6
23.a5 g4
24.hxg4 Bc8xg4
25.Qf3xf6 Kxf6
26.Re1f1 Bg4f5
27.Ra1d1 Re8g8
28.Nc3e2 Rg8g4
29.g3 h5
30.a6 h4
31.Kg2 hxg3
32.fxg3 Bd6xg3
33.Ne2xg3 Qc7xg3
34.Kh1 Ra8h8
35.Be3h6 Rg4h4
0-1

[Event "Eq:les modestes-Vikings :"]
[Site "www.echecsemail.com"]
[Date "2026.01.23"]
[Round "1"]
[White "Escargot08"]
[Black "Ngeorget"]
[WhiteElo "2830"]
[BlackElo "2780"]
[Result "1/2-1/2"]
1.e4 c5
2.Ng1f3 Nb8c6
3.Bf1b5 e6
4.O-O Ng8e7
5.d4 cxd4
6.Nf3xd4 Ne7g6
7.Bc1e3 Bf8e7
8.c3 O-O
9.Nb1d2 Be7g5
10.Be3xg5 Qd8xg5
11.Nd2f3 Qg5c5
12.Bb5d3 d6
13.Rf1e1 Nc6e5
14.Bd3f1 a6
15.a4 { nul }1/2-1/2

[Event "Tournoi n27284"]
[Site "www.echecsemail.com"]
[Date "2026.01.23"]
[Round "1"]
[White "Bylka"]
[Black "Patau"]
[WhiteElo "1760"]
[BlackElo "1740"]
[Result "1-0"]
1.e4 e5
2.Ng1f3 Nb8c6
3.c3 Ng8f6
4.d3 d5
5.exd5 Qd8xd5
6.c4 Qd5d8
7.a3 Bf8c5
8.Nb1c3 O-O
9.h3 Bc8f5
10.Bf1e2 Rf8e8
11.Bc1g5 Nc6d4
12.Bg5xf6 Qd8xf6
13.Nc3d5 Nd4xf3
14.Be2xf3 Qf6g6
15.g4 Bf5xd3
16.Nd5xc7 Bd3e4
17.Nc7xa8 Re8xa8
18.Qd1e2 Be4d3
19.Qe2xe5 Bc5d6
20.Qe5d5 Ra8e8
21.Kd2 Bd6f4
22.Kc3 Bf4e5
23.Kb3 Bd3c2
24.Ka2 Qg6e6
25.Rh1e1 Qe6xd5
26.Bf3xd5 Re8e7
27.f4 Be5d6
28.Re1xe7 Bd6xe7
29.Ra1e1 Kf8
30.Bd5xb7 Bc2d3
31.Bb7a6 Be7c5
32.Ba6b5 f6
33.f5 g6
34.fxg6 hxg6
35.Bb5c6 Bd3xc4
36.Kb1 Bc4d3
37.Kc1 f5
38.gxf5 Bd3xf5
39.Re1h1 Bc5e3
40.Kd1 Kf7
41.Rh1f1 Kg7
42.h4 Bf5g4
43.Kc2 Bg4f5
44.Kc3 Be3b6
45.b4 Kf6
46.Kc4 Ke5
47.a4 Bf5e6
48.Kc3 a5
49.b5 Bb6c5
50.Kd3 Be6b3
51.Rf1a1 Kf4
52.Bc6e8 Kg4
53.Be8xg6 Kxh4
54.Kc3 Bb3d5
55.Ra1b1 Bc5b4
56.Rb1xb4 axb4
57.Kxb4 Kg5
58.Bg6e8 Kf6
59.Be8c6 Bd5xc6
60.bxc6 Ke6
61.Kb5 { abandon }1-0

[Event "Transval"]
[Site "www.echecsemail.com"]
[Date "2026.01.23"]
[Round "1"]
[White "Tartu"]
[Black "Legrillon"]
[WhiteElo "1700"]
[BlackElo "1700"]
[Result "0-1"]
1.d4 d5
2.c4 e6
3.cxd5 exd5
4.Nb1c3 Bc8e6
5.Bc1f4 a6
6.Ng1f3 Nb8c6
7.e3 Bf8d6
8.Bf1d3 h6
9.O-O Bd6xf4
10.exf4 Ng8f6
11.h3 O-O
12.Nf3e5 Nc6xe5
13.fxe5 Nf6d7
14.f4 c5
15.dxc5 Nd7xc5
16.Bd3c2 d4
17.Nc3a4 Nc5xa4
18.Bc2xa4 b5
19.Ba4b3 Be6xb3
20.Qd1xb3 Kh8
21.Ra1d1 Qd8b6
22.Kh1 Ra8d8
23.Rd1d3 f6
24.e6 Rf8e8
25.f5 Re8e7
26.Rf1d1 a5
27.a4 b4
28.Qb3c4 Re7c7
29.Qc4b3 Qb6c5
30.Rd1d2 Qc5xf5
31.Rd3xd4 Rd8xd4
32.Rd2xd4 Rc7c1
33.Rd4d1 Rc1xd1
34.Qb3xd1 Qf5xe6
35.b3 Qe6e3
36.Kh2 Qe3f4
37.Kh1 Qf4e3
38.Kh2 Qe3f4
39.Kh1 Qf4e3
40.Qd1d8 Kh7
41.Qd8xa5 Qe3xb3
42.Qa5f5 Kh8
43.Qf5c8 Kh7
44.Qc8f5 Kh8
45.Qf5c8 Qb3g8
46.Qc8b7 b3
47.a5 Qg8c4
48.a6 Qc4c1
49.Kh2 Qc1f4
50.Kg1 Qf4d4
51.Kh2 b2
52.Qb7b8 Kh7
53.a7 Qd4e5
54.Qb8xe5 fxe5
55.a8Q b1Q
56.Kg3 Qb1e1
57.Kh2 e4
58.Qa8d5 Qe1b4
59.Qd5f5 Kg8
60.Qf5e6 Kh7
61.Qe6f5 Kh8
62.Qf5c8 Kh7
63.Qc8f5 Kg8
64.Qf5e6 Kf8
65.Qe6c8 Kf7
66.Qc8f5 Ke8
67.Qf5c8 Ke7
68.Qc8c7 Kf6
69.Qc7f4 Ke6
70.Qf4g4 Kd5
71.Qg4f5 Kc6
72.Qf5g6 Qb4d6
73.Qg6g3 Qd6xg3
74.Kxg3 Kd5
75.Kf2 Kd4
76.Ke2 g5
77.g4 e3
78.Ke1 Kd3
79.Kd1 Ke4
80.Ke2 Kf4
81.Ke1 Kf3
82.Kf1 Kg3
83.Ke2 Kxh3
84.Kxe3 Kxg4
85.Kf2 Kf4
86.Kg2 g4
{ abandon }0-1

[Event "Eq:O fou d hello-Vikings :"]
[Site "www.echecsemail.com"]
[Date "2026.01.23"]
[Round "1"]
[White "Legrillon"]
[Black "Tombelaine"]
[WhiteElo "1700"]
[BlackElo "2250"]
[Result "0-1"]
1.e4 c5
2.c4 Nb8c6
3.Ng1f3 d6
4.h3 Ng8f6
5.d3 g6
6.Bc1g5 Bf8g7
7.Qd1d2 Bc8d7
8.Bg5h6 O-O
9.Nb1c3 Nc6b4
10.Bh6xg7 Kxg7
11.a3 Nb4c6
12.Bf1e2 a5
13.Be2d1 Nc6a7
14.O-O b5
15.cxb5 Na7xb5
16.Nc3xb5 Bd7xb5
17.Rf1e1 e5
18.a4 Bb5a6
19.b3 Qd8b6
20.Bd1c2 Ra8b8
21.Ra1b1 Qb6b4
22.Qd2e3 Ba6c8
23.Qe3d2 Bc8e6
24.Qd2d1 h6
25.Nf3h2 Rb8b7
26.Rb1b2 Rf8b8
27.Qd1b1 Nf6h5
28.Bc2d1 Qb4xe1
29.Nh2f1 Nh5f4
30.Qb1c2 Be6xb3
31.Qc2d2 Qe1xd2
32.Rb2xd2 Bb3xd1
33.Rd2xd1 Rb7b4
34.Kh2 Rb4b1
{ abandon }0-1

[Event "Défi( 10J+24H/c 10J Max )"]
[Site "www.echecsemail.com"]
[Date "2026.01.23"]
[Round "1"]
[White "Sam"]
[Black "Sylvia13"]
[WhiteElo "1670"]
[BlackElo "1580"]
[Result "0-1"]
1.e4 Nb8c6
2.Bf1b5 Ng8f6
3.Qd1f3 e6
4.d3 Nc6d4
5.Qf3e3 Nd4xc2
6.Kd1 Nc2xe3
7.Bc1xe3 c6
8.Bb5c4 Qd8a5
9.Nb1c3 Qa5h5
10.Ng1f3 b5
11.Bc4b3 Bf8b4
12.Nc3e2 O-O
13.Ne2f4 Qh5h6
14.Nf4xe6 Qh6g6
15.Ne6xf8 Bb4xf8
16.g3 d6
17.Nf3h4 Bc8g4
18.f3 Bg4xf3
19.Nh4xf3 Qg6g4
20.Ke2 a5
21.h3 Qg4xg3
22.Rh1g1 Qg3xh3
23.Rg1h1 Qh3g2
24.Be3f2 Nf6g4
25.Rh1f1 Ng4e5
26.Nf3xe5 dxe5
27.Rf1g1 Qg2h3
28.Rg1h1 Qh3g4
29.Ke3 Bf8c5
30.Kd2 Qg4f4
31.Kc3 Qf4xf2
32.Ra1f1 b4
33.Kc4 Qf2d4
0-1

[Event "Tournoi n27388"]
[Site "www.echecsemail.com"]
[Date "2026.01.23"]
[Round "1"]
[White "Orosco"]
[Black "Carrighir"]
[WhiteElo "2200"]
[BlackElo "2100"]
[Result "1-0"]
1.e4 c5
2.Ng1f3 d6
3.d4 cxd4
4.Nf3xd4 Ng8f6
5.Nb1c3 g6
6.Bc1e3 Bf8g7
7.Bf1e2 O-O
8.O-O Nb8c6
9.f4 a6
10.h3 Qd8c7
11.a3 Rf8d8
12.Nd4f3 b5
13.a4 b4
14.Nc3d5 Nf6xd5
15.exd5 Nc6a5
16.Be3d4 Bg7xd4
17.Qd1xd4 Qc7c5
18.Kh2 Qc5xd4
19.Nf3xd4 Bc8b7
20.c4 Ra8c8
21.b3 e5
22.dxe6 fxe6
23.Be2g4 { abandon }1-0

[Event "Tetraktus 103"]
[Site "www.echecsemail.com"]
[Date "2026.01.23"]
[Round "1"]
[White "Pgo"]
[Black "Orosco"]
[WhiteElo "1740"]
[BlackElo "2200"]
[Result "0-1"]
1.e4 e5
2.Ng1f3 Nb8c6
3.Bf1b5 a6
4.Bb5a4 Ng8f6
5.d3 b5
6.Ba4b3 d6
7.h3 Bf8e7
8.O-O O-O
9.a3 d5
10.exd5 Nf6xd5
11.Bb3xd5 Qd8xd5
12.Rf1e1 f6
13.Nb1c3 Qd5f7
14.Bc1e3 Bc8e6
15.b4 Rf8d8
16.Qd1e2 Qf7h5
17.Nc3e4 a5
18.c3 axb4
19.axb4 Ra8xa1
20.Re1xa1 Qh5g6
21.Nf3h4 Qg6e8
22.f3 g5
23.Ne4c5 Be7xc5
24.Be3xc5 gxh4
25.Qe2e4 f5
26.Qe4xh4 Rd8xd3
27.Qh4g5 Qe8g6
28.Ra1a8 Kg7
29.Bc5f8 Kf7
30.Qg5c1 Be6d5
31.Kh2 Nc6d4
32.cxd4 Bd5xa8
33.Bf8c5 exd4
34.Qc1c2 Rd3c3
35.Qc2a2 Rc3c4
36.Qa2xa8 Rc4xc5
37.bxc5 Qg6e6
38.Qa8b7 Qe6e5
39.Kg1 Qe5xc5
40.Kf2 b4
41.Qb7c8 d3
42.Kg3 Qc5d6
43.f4 d2
44.Qc8xf5 Ke8
45.Qf5h5 Kd8
46.Qh5d1 Qd6d3
47.Kf2 b3
48.g3 b2
{ abandon }0-1

[Event "Coupe Niveau 4"]
[Site "www.echecsemail.com"]
[Date "2026.01.23"]
[Round "1"]
[White "Skalfa"]
[Black "Carrighir"]
[WhiteElo "1830"]
[BlackElo "2110"]
[Result "0-1"]
1.e4 c5
2.Ng1f3 d6
3.Nb1c3 Ng8f6
4.d4 cxd4
5.Nf3xd4 g6
6.Bf1e2 Bf8g7
7.O-O Nb8c6
8.a3 a6
9.Nd4xc6 bxc6
10.e5 dxe5
11.Nc3a4 Qd8a5
12.c3 O-O
13.Qd1c2 Bc8f5
14.Qc2d1 Rf8d8
15.b4 Qa5c7
16.Qd1e1 Nf6e4
17.Bc1e3 Qc7b7
18.f3 Ne4d6
19.Na4c5 Qb7c8
20.Qe1c1 Nd6b5
21.c4 Nb5d4
22.Be2d1 a5
23.g4 Bf5e6
24.Qc1c3 axb4
25.Qc3xb4 Ra8b8
26.Qb4c3 e4
27.Nc5xe6 Nd4xf3
28.Bd1xf3 Bg7xc3
29.Ne6xd8 Bc3xa1
30.Nd8xc6 Qc8xc6
31.Bf3e2 Ba1e5
32.c5 Rb8b2
33.Rf1f2 Rb2b1
34.Kg2 Qc6c7
35.h4 Be5h2
36.Rf2f1 Qc7g3
{ abandon }0-1

[Event "Tournoi n27398"]
[Site "www.echecsemail.com"]
[Date "2026.01.23"]
[Round "1"]
[White "Nautilus"]
[Black "Philoconche"]
[WhiteElo "1520"]
[BlackElo "1530"]
[Result "1-0"]
1.c4 c5
2.e4 Nb8c6
3.Nb1c3 e6
4.Ng1f3 b6
5.d3 a6
6.Bc1g5 Qd8c7
7.e5 h6
8.Bg5f4 Bc8b7
9.Bf1e2 O-O-O
10.Nf3d2 Nc6d4
11.Be2h5 g6
12.Bh5f3 g5
13.Bf4g3 Nd4xf3
14.Nd2xf3 Bf8g7
15.O-O Bb7xf3
16.Qd1xf3 Qc7c6
17.Qf3xf7 Bg7f8
18.Qf7h5 Bf8e7
19.h3 b5
20.cxb5 axb5
21.a4 b4
22.Nc3b5 Kb7
23.Qh5d1 { abandon }1-0

[Event "Défi( 10J+24H/c 10J Max )"]
[Site "www.echecsemail.com"]
[Date "2026.01.23"]
[Round "1"]
[White "Luc20"]
[Black "Titit1"]
[WhiteElo "1820"]
[BlackElo "1460"]
[Result "1-0"]
1.d4 f5
2.c4 Nb8c6
3.Nb1c3 Ng8f6
4.Ng1f3 d6
5.g3 Bc8d7
6.Bf1g2 e6
7.O-O Qd8e7
8.a3 O-O-O
9.b4 e5
10.d5 Nc6b8
11.b5 h6
12.Nf3h4 e4
13.Bg2h1 c6
14.Nh4g6 Qe7e8
15.Ng6xh8 Bf8e7
16.bxc6 bxc6
17.Bc1e3 c5
18.Qd1b3 Qe8xh8
19.Rf1b1 Nb8a6
20.Qb3b7 1-0

[Event "Tournoi n27337"]
[Site "www.echecsemail.com"]
[Date "2026.01.23"]
[Round "1"]
[White "Titit1"]
[Black "Smaug"]
[WhiteElo "1490"]
[BlackElo "1400"]
[Result "1-0"]
1.Ng1f3 Ng8f6
2.Nb1c3 d5
3.d4 h6
4.Bc1f4 e6
5.Nc3b5 Bf8d6
6.Bf4xd6 cxd6
7.e3 Qd8a5
8.c3 Qa5b6
9.Bf1d3 O-O
10.O-O a6
11.Nb5a3 Nb8c6
12.b4 a5
13.b5 Nc6e7
14.Ra1b1 Bc8d7
15.Rf1e1 Ra8c8
16.e4 Rc8xc3
17.Na3c2 Ne7g6
18.e5 dxe5
19.dxe5 Nf6g4
20.Re1f1 f5
21.h3 Ng4xf2
22.Rf1xf2 Ng6f4
23.Bd3f1 Bd7e8
24.Qd1d2 Nf4xh3
25.gxh3 Rc3xf3
26.Nc2e1 Rf3g3
27.Ne1g2 Rg3xh3
28.Qd2c1 Rh3g3
29.Rb1b2 Qb6d4
30.Qc1e1 f4
31.Kh2 Rf8f5
32.Rf2d2 Rf5h5
33.Ng2h4 Rh5xh4
34.Bf1h3 Rg3g4
35.Rd2xd4 Rg4g3
36.Rd4xf4 Rg3xh3
37.Kg2 Rh3h2
38.Kg3 g5
39.Rf4f2 Rh2h3
40.Kg2 h5
41.Rf2f6 Rh3h2
42.Kg3 Rh2xb2
43.Qe1xa5 Rh4g4
44.Kf3 d4
45.Qa5a8 Rg4f4
46.Rf6xf4 gxf4
47.Qa8xe8 Kg7
48.Qe8e7 Kg6
49.Qe7xe6 Kg5
50.Qe6f6 1-0

[Event "Tournoi n27349"]
[Site "www.echecsemail.com"]
[Date "2026.01.23"]
[Round "1"]
[White "Verson"]
[Black "Nicadria22"]
[WhiteElo "1860"]
[BlackElo "1930"]
[Result "0-1"]
1.d4 Ng8f6
2.Ng1f3 e6
3.e3 b6
4.Bf1d3 Bc8b7
5.Nb1d2 c5
6.O-O Bf8e7
7.e4 cxd4
8.Nf3xd4 d6
9.c3 Nb8d7
10.Qd1e2 Nd7e5
11.Bd3b5 Ne5d7
12.f3 a6
13.Bb5c6 Qd8c7
14.Bc6xb7 Qc7xb7
15.Rf1e1 O-O
16.Nd2f1 h6
17.Bc1e3 Ra8c8
18.Re1d1 Rf8d8
19.Nf1g3 Nd7e5
20.Be3f2 Ne5g6
21.Bf2e3 d5
22.Be3f2 Ng6f4
23.Qe2e3 e5
24.Nd4f5 Be7c5
25.Qe3c1 Bc5xf2
26.Kxf2 dxe4
27.Qc1e3 exf3
28.gxf3 Qb7c7
29.Ng3e2 Nf6d5
30.Qe3e4 Qc7c5
31.Ke1 Nf4g2
32.Kf1 Nd5e3
33.Nf5xe3 Ng2xe3
34.Ke1 Ne3xd1
35.Ra1xd1 Rd8xd1
36.Kxd1 Rc8d8
37.Kc2 Qc5f2
38.Kb3 Qf2xh2
39.Qe4e3 Rd8d6
40.a3 f6
41.Kc4 Qh2h3
42.Qe3e4 Qh3e6
43.Kb4 Rd6c6
44.c4 a5
45.Kc3 b5
46.b3 bxc4
47.bxc4 Qe6d6
48.f4 Qd6xa3
49.Kd2 Qa3a2
50.Ke1 Rc6xc4
51.Qe4a8 Kh7
52.fxe5 Qa2a1
53.Kf2 Qa1xe5
54.Qa8b7 Qe5f5
55.Ke1 Qf5e4
56.Qb7xe4 Rc4xe4
{ abandon }0-1

[Event "Tournoi n27372"]
[Site "www.echecsemail.com"]
[Date "2026.01.23"]
[Round "1"]
[White "Estrafolis"]
[Black "Albescab"]
[WhiteElo "1640"]
[BlackElo "1650"]
[Result "1-0"]
1.d4 d5
2.c4 c6
3.Nb1c3 e6
4.e3 Bf8b4
5.Bc1d2 Nb8a6
6.Ng1f3 Ng8f6
7.Bf1d3 O-O
8.Nf3e5 Bb4d6
9.O-O Na6b4
10.a3 Nb4xd3
11.Ne5xd3 dxc4
12.Nd3e5 Bd6xe5
13.dxe5 Nf6d7
14.f4 Nd7c5
15.Qd1e2 b5
16.Ra1d1 Bc8d7
17.Bd2e1 Nc5b3
18.Qe2g4 Nb3c5
19.Rf1f3 Nc5d3
20.Rf3g3 g6
21.h4 h5
22.Qg4xh5 Nd3xb2
23.Qh5h6 Qd8e7
24.h5 Bd7e8
25.Nc3e4 f6
26.Ne4xf6 Rf8xf6
27.exf6 Qe7xf6
28.hxg6 Ra8b8
29.Qh6h7 Kf8
30.g7 Ke7
31.g8N Kf8
32.Be1b4 { abandon }1-0

[Event "Tournoi échelle division 1"]
[Site "www.echecsemail.com"]
[Date "2026.01.23"]
[Round "1"]
[White "Luc20"]
[Black "Pgo"]
[WhiteElo "1820"]
[BlackElo "1740"]
[Result "1/2-1/2"]
1.d4 d5
2.Ng1f3 e6
3.Bc1f4 Ng8f6
4.e3 Bf8b4
5.c3 Bb4a5
6.Bf1b5 c6
7.Bb5a4 b5
8.Ba4c2 O-O
9.Nb1d2 h6
10.b4 Ba5b6
11.Nd2b3 a5
12.a3 a4
13.Nb3c5 Bb6xc5
14.bxc5 Nb8d7
15.Bf4d6 Rf8e8
16.O-O Bc8b7
17.Rf1e1 Nd7b6
18.h3 Nb6c4
19.Bd6h2 g5
20.Nf3d2 Nc4xd2
21.Qd1xd2 Kg7
22.Bh2e5 Kg8
23.Qd2e2 Nf6e4
24.Qe2d3 f5
25.Bc2d1 Re8f8
26.f3 Ne4f6
27.Be5d6 Rf8f7
28.f4 Nf6e4
29.Bd1h5 Rf7d7
30.Bd6e5 Ne4f6
31.Bh5e2 Nf6e4
32.Ra1c1 Kf7
33.Be2h5 Kg8
34.Qd3e2 Ne4f6
35.fxg5 hxg5
36.Be5xf6 Qd8xf6
37.g4 Ra8f8
38.Re1f1 f4
39.exf4 gxf4
40.Rf1f3 Rd7e7
41.Rc1f1 Qf6g5
42.Qe2f2 Re7g7
43.Rf3xf4 Rf8xf4
44.Qf2xf4 Qg5xh5
45.Kh2 Qh5g6
46.Qf4f8 Kh7
47.Rf1f2 Rg7g8
48.Qf8e7 Rg8g7
49.Qe7h4 Qg6h6
50.Qh4xh6 Kxh6
51.Rf2f6 Rg7g6
52.Rf6f7 Rg6g7
53.Rf7f6 Rg7g6
{ nul }1/2-1/2

[Event "Amical( 10J+24H/c 10J Max )"]
[Site "www.echecsemail.com"]
[Date "2026.01.23"]
[Round "1"]
[White "Patau"]
[Black "Woluwe1975"]
[WhiteElo "1730"]
[BlackElo "1640"]
[Result "1-0"]
1.e4 c5
2.Ng1f3 d6
3.Bf1b5 Bc8d7
4.Bb5xd7 Qd8xd7
5.c4 Nb8c6
6.O-O e5
7.Nb1c3 Ng8e7
8.d3 g6
9.Bc1e3 Bf8g7
10.Qd1d2 O-O
11.Be3h6 f5
12.Bh6xg7 Kxg7
13.Nc3d5 Ne7xd5
14.cxd5 Nc6d4
15.Nf3xd4 cxd4
16.f4 exf4
17.Rf1xf4 fxe4
18.dxe4 Rf8xf4
19.Qd2xf4 Ra8f8
20.Qf4d2 Qd7a4
21.b3 Qa4d7
22.Qd2xd4 Kg8
23.Ra1f1 Rf8xf1
24.Kxf1 Qd7b5
25.Qd4c4 Qb5d7
26.Qc4d4 Qd7b5
27.Kf2 Qb5d7
28.h3 b6
29.e5 dxe5
30.Qd4xe5 Qd7f7
31.Ke2 Qf7d7
32.Kd3 Qd7b5
33.Ke4 Qb5e2
34.Kd4 Qe2d2
35.Kc4 Qd2c2
36.Kb5 Qc2d3
37.Kc6 Qd3c2
38.Kd6 Qc2xg2
39.Qe5e6 Kg7
40.Kd7 Qg2xa2
41.d6 Qa2a5
42.Ke8 Qa5b5
43.d7 { abandon }1-0

[Event "Défi"]
[Site "www.echecsemail.com"]
[Date "2026.01.23"]
[Round "1"]
[White "Kerenor"]
[Black "Roidechecs"]
[WhiteElo "1600"]
[BlackElo "1270"]
[Result "1-0"]
1.d4 d5
2.Nb1c3 Ng8f6
3.h3 Nb8c6
4.Ng1f3 e6
5.Bc1f4 Bf8d6
6.Bf4g5 h6
7.Bg5h4 g5
8.Bh4g3 Nf6e4
9.Nf3e5 Nc6xe5
10.dxe5 Bd6b4
11.Bg3h2 Bb4xc3
12.bxc3 Ne4xc3
13.Qd1d3 d4
14.e3 dxe3
15.Qd3xe3 Nc3d5
16.Qe3f3 Rh8f8
17.Bf1d3 c6
18.O-O f6
19.Bd3g6 Ke7
20.c4 Nd5b6
21.Qf3a3 Kd7
22.Ra1d1 Kc7
23.Rd1xd8 Rf8xd8
24.exf6 Kd7
25.f7 Nb6xc4
26.Rf1d1 Nc4d6
27.Rd1xd6 Ke7
28.Rd6xd8 Kxd8
29.f8Q Kd7
30.Qa3e7 1-0

[Event "Défi"]
[Site "www.echecsemail.com"]
[Date "2026.01.23"]
[Round "1"]
[White "Verson"]
[Black "Rocketman"]
[WhiteElo "1810"]
[BlackElo "2000"]
[Result "0-1"]
1.d4 f5
2.Ng1f3 g6
3.e3 Bf8g7
4.Bf1c4 Ng8f6
5.Nb1d2 c6
6.O-O d5
7.Bc4d3 Nf6g4
8.h3 Ng4h6
9.c4 Nh6f7
10.b3 e5
11.dxe5 Nf7xe5
12.Nf3xe5 Bg7xe5
13.Ra1b1 Bc8e6
14.Nd2f3 Be5f6
15.Bc1b2 Nb8d7
16.Nf3d4 Be6f7
17.cxd5 Bf7xd5
18.Qd1c2 Qd8e7
19.Bd3c4 Nd7b6
20.Bc4xd5 cxd5
21.Rb1c1 O-O
22.Qc2c5 Qe7xc5
23.Rc1xc5 Ra8e8
24.Rf1c1 Re8e4
25.Rc5c7 f4
26.Rc7xb7 fxe3
27.fxe3 Bf6g5
28.Nd4c2 d4
29.Bb2xd4 Re4xd4
30.Rc1f1 Rf8xf1
31.Kxf1 Rd4d2
32.Nc2b4 Bg5xe3
33.g4 Nb6d7
34.Nb4c6 a6
35.Nc6b4 Nd7c5
36.Ke1 Nc5xb7
{ abandon }0-1

[Event "Tournoi n27380"]
[Site "www.echecsemail.com"]
[Date "2026.01.23"]
[Round "1"]
[White "Nico"]
[Black "Verson"]
[WhiteElo "2010"]
[BlackElo "1870"]
[Result "1/2-1/2"]
1.d4 d5
2.Bc1f4 Ng8f6
3.Nb1c3 e6
4.Nc3b5 Nb8a6
5.e3 c6
6.Nb5c3 Bf8b4
7.Ng1e2 O-O
8.a3 Bb4d6
9.g3 Bd6xf4
10.Ne2xf4 Qd8d6
11.Bf1xa6 bxa6
12.O-O Ra8b8
13.b3 c5
14.dxc5 Qd6xc5
15.Qd1d4 Qc5xd4
16.exd4 Bc8d7
17.a4 Rb8c8
18.Nf4e2 Rc8c7
19.Ra1a3 Rf8c8
20.b4 Nf6e4
21.Nc3xe4 dxe4
22.c3 Bd7c6
23.Rf1c1 Bc6d5
24.Ne2f4 Bd5c4
25.h4 Bc4d5
26.Kf1 Rc7c4
27.Nf4e2 Rc4c7
28.Ke1 f6
29.Kd2 f5
30.a5 g6
31.Ne2g1 Kf7
32.Ke3 Kf6
33.Ng1e2 { nul }1/2-1/2

[Event "Tournoi n27301"]
[Site "www.echecsemail.com"]
[Date "2026.01.23"]
[Round "1"]
[White "Ravanh"]
[Black "Lepionfou"]
[WhiteElo "2250"]
[BlackElo "2340"]
[Result "0-1"]
1.d4 Ng8f6
2.Nb1c3 d5
3.Bc1f4 a6
4.e3 e6
5.Bf1d3 c5
6.Ng1f3 Nb8c6
7.dxc5 Bf8xc5
8.O-O O-O
9.Rf1e1 b5
10.Nf3d4 Bc8b7
11.Nc3e2 Qd8e7
12.Nd4xc6 Bb7xc6
13.Bf4e5 Nf6d7
14.Be5d4 Bc5d6
15.Ne2g3 g6
16.e4 Nd7c5
17.exd5 Bc6xd5
18.Ng3e4 Nc5xe4
19.Bd3xe4 Bd5xe4
20.Re1xe4 Bd6c5
21.Qd1f3 Bc5xd4
22.Re4xd4 Rf8d8
23.Ra1d1 Ra8c8
24.c3 Rd8xd4
25.Rd1xd4 Rc8d8
26.Qf3d3 Rd8xd4
27.Qd3xd4 Qe7c7
28.f4 h5
29.Kf2 Kf8
30.Ke3 Ke7
31.b3 f6
32.Qd4b4 Qc7d6
33.a3 Kd7
34.Qb4xd6 Kxd6
35.Ke4 Kc5
36.g3 a5
37.Kd3 a4
38.c4 bxc4
39.bxc4 e5
40.fxe5 fxe5
41.h4 e4
42.Kxe4 Kxc4
{ abandon }0-1

[Event "Marmotte chess  3"]
[Site "www.echecsemail.com"]
[Date "2026.01.23"]
[Round "1"]
[White "Nuageblanc"]
[Black "Turbo"]
[WhiteElo "1580"]
[BlackElo "1370"]
[Result "1-0"]
1.d4 d5
2.Ng1f3 h6
3.c3 Ng8f6
4.Nb1d2 e6
5.Qd1c2 Nf6e4
6.Nd2xe4 dxe4
7.Qc2xe4 Nb8c6
8.Qe4c2 b6
9.e4 f6
10.Bf1d3 Bc8b7
11.Bc1e3 Nc6e7
12.O-O Ne7g6
13.Rf1e1 c5
14.Bd3b5 Kf7
15.Bb5c4 cxd4
16.Be3xd4 Ra8c8
17.Ra1d1 Rc8xc4
18.Nf3d2 f5
19.Nd2xc4 Bf8c5
20.Bd4xc5 Qd8g5
21.Bc5e3 Qg5e7
22.exf5 Ng6f8
23.Nc4d6 Kg8
24.Nd6xb7 Qe7xb7
25.Qc2b3 Kh7
26.fxe6 Nf8g6
27.Rd1d7 Qb7c8
28.Be3d4 Rh8e8
29.Rd7xg7 Kh8
30.Rg7c7 Kg8
31.e7 { abandon }1-0

[Event "OAHU 2"]
[Site "www.echecsemail.com"]
[Date "2026.01.23"]
[Round "1"]
[White "4x4"]
[Black "Brettsinclair"]
[WhiteElo "1520"]
[BlackElo "1910"]
[Result "0-1"]
1.Ng1f3 Ng8f6
2.d3 d5
3.e3 c5
4.Nb1c3 Nb8c6
5.Bc1d2 e5
6.Qd1e2 Bf8d6
7.O-O-O O-O
8.Nf3e1 a6
9.f3 b5
10.g4 b4
11.Nc3b1 a5
12.Bf1g2 a4
13.h4 b3
14.a3 bxc2
15.Ne1xc2 Qd8b6
16.Bd2c3 Ra8b8
17.Kd2 d4
18.exd4 exd4
19.Nc2xd4 cxd4
20.Bc3b4 Nc6xb4
21.axb4 Qb6xb4
22.Nb1c3 Qb4xb2
23.Ke1 Qb2xc3
24.Kf2 Rb8b2
25.Rh1e1 Rb2xe2
26.Re1xe2 Nf6d5
27.f4 Nd5xf4
28.Re2d2 Nf4xg2
29.Kxg2 Bc8xg4
30.Rd1c1 Qc3xc1
31.Rd2f2 Qc1e3
32.Kf1 Qe3xd3
33.Kg2 Qd3h3
34.Kg1 Rf8e8
35.Rf2d2 Qh3e3
36.Rd2f2 Qe3xf2
37.Kxf2 d3
{ abandon }0-1

[Event "OAHU 2"]
[Site "www.echecsemail.com"]
[Date "2026.01.23"]
[Round "1"]
[White "Brettsinclair"]
[Black "Intrigue"]
[WhiteElo "1910"]
[BlackElo "1720"]
[Result "1-0"]
1.b4 e5
2.Bc1b2 d6
3.Ng1f3 a5
4.b5 c6
5.e3 Ng8f6
6.h3 Bf8e7
7.Nb1c3 O-O
8.Qd1e2 Bc8e6
9.Nf3g5 Be6d7
10.O-O-O cxb5
11.Nc3xb5 h6
12.Ng5f3 Nb8c6
13.d4 exd4
14.Nf3xd4 Nc6xd4
15.Nb5xd4 Ra8c8
16.f3 d5
17.g4 Qd8b6
18.h4 Be7c5
19.Bf1h3 Rf8e8
20.Qe2f2 Bd7a4
21.g5 hxg5
22.hxg5 Bc5xd4
23.Bb2xd4 Qb6d6
24.Bh3xc8 Re8xc8
25.Rd1d2 Nf6e4
26.fxe4 dxe4
27.c3 Qd6a3
28.Rd2b2 b5
29.Qf2h4 Rc8xc3
30.Bd4xc3 Qa3xc3
31.Kb1 f5
32.Qh4h7 Kf7
33.Qh7xf5 Kg8
34.Qf5e6 { abandon }1-0

[Event "XERTIGNY  VOSGES"]
[Site "www.echecsemail.com"]
[Date "2026.01.23"]
[Round "1"]
[White "Legrillon"]
[Black "Intrigue"]
[WhiteElo "1710"]
[BlackElo "1720"]
[Result "1-0"]
1.e4 e5
2.Ng1f3 Ng8f6
3.Bf1c4 Nf6xe4
4.d3 Ne4c5
5.Nf3xe5 d5
6.Bc4b3 c6
7.O-O Bf8d6
8.Bc1f4 Nc5xb3
9.axb3 O-O
10.h3 Bc8f5
11.Nb1c3 Nb8d7
12.d4 Nd7xe5
13.dxe5 Bd6c5
14.Nc3a4 Bc5e7
15.c4 dxc4
16.bxc4 Be7b4
17.Qd1f3 Qd8d3
18.Qf3xd3 Bf5xd3
19.Rf1d1 Bd3xc4
20.Rd1d4 b5
21.Na4c3 Bb4c5
22.Rd4d7 Rf8d8
23.Ra1d1 Rd8xd7
24.Rd1xd7 Kf8
25.Nc3e4 Bc5b4
26.Rd7c7 Bc4d5
27.Ne4g5 h6
28.Ng5f3 a5
29.Nf3d4 a4
30.Nd4xc6 Bd5e6
31.Nc6xb4 a3
32.bxa3 Ra8xa3
33.Nb4c2 Ra3a2
34.Nc2b4 Ra2b2
35.Nb4c6 g5
36.Bf4e3 b4
37.Be3c5 Kg7
38.Nc6xb4 h5
39.Nb4c6 Rb2c2
40.Bc5d6 h4
41.Nc6d4 Rc2xc7
42.Bd6xc7 Be6d5
43.Nd4f5 Kf8
44.Bc7d6 Ke8
45.Nf5e3 Bd5b3
46.Ne3g4 Kd7
47.Bd6c5 Ke6
48.Bc5e3 Bb3d1
49.f3 Kf5
50.Ng4f2 Bd1a4
51.Be3d4 Kf4
52.Nf2g4 Ba4c2
53.Ng4h6 Bc2b3
54.Nh6g8 Bb3c4
55.Kf2 f6
56.exf6 { abandon }1-0

[Event "Défi"]
[Site "www.echecsemail.com"]
[Date "2026.01.23"]
[Round "1"]
[White "Roger72"]
[Black "Whisky"]
[WhiteElo "1310"]
[BlackElo "1300"]
[Result "1-0"]
1.e4 d5
2.e5 e6
3.d4 f6
4.c3 f5
5.Ng1f3 c6
6.Bc1g5 Bf8e7
7.Qd1d2 h6
8.Bg5xe7 Qd8xe7
9.Bf1d3 Nb8d7
10.Nb1a3 b5
11.O-O Bc8a6
12.b4 Nd7b6
13.Na3c2 Qe7g5
14.Nf3xg5 hxg5
15.Qd2xg5 Rh8h7
16.Qg5g6 { abandon }1-0

[Event "TRISTAN DA CUNHA"]
[Site "www.echecsemail.com"]
[Date "2026.01.23"]
[Round "1"]
[White "Casisimed"]
[Black "Intrigue"]
[WhiteElo "1640"]
[BlackElo "1750"]
[Result "0-1"]
1.e4 e5
2.Ng1f3 Nb8c6
3.Nb1c3 Ng8f6
4.Bf1c4 Bf8e7
5.Nf3g5 O-O
6.Bc4xf7 Rf8xf7
7.Ng5xf7 Kxf7
8.O-O a6
9.Rf1e1 d6
10.d3 Bc8e6
11.Bc1g5 b5
12.Bg5xf6 Be7xf6
13.Qd1h5 Kg8
14.Nc3d5 Be6xd5
15.exd5 Nc6e7
16.c4 bxc4
17.dxc4 Qd8e8
18.Qh5g4 Qe8g6
19.Qg4d7 Ra8c8
20.Qd7e6 Qg6f7
21.Ra1c1 Qf7xe6
22.dxe6 Kf8
23.c5 dxc5
24.Rc1xc5 Ke8
25.Rc5a5 Rc8a8
26.Re1c1 c6
27.Kf1 Kd8
28.Ke2 Kc7
29.Rc1d1 Ne7d5
30.Rd1c1 Kd6
31.Ra5c5 Ra8c8
32.Kd3 Bf6g5
33.Rc1c2 Nd5b4
34.Ke4 Nb4xc2
35.Rc5xc2 Kxe6
36.g3 h5
37.f4 exf4
38.gxf4 Bg5f6
39.f5 Ke7
40.h3 Kd6
41.Rc2d2 Ke7
42.Rd2c2 c5
43.Kd5 Bf6d4
44.b4 Rc8d8
45.Ke4 Kd6
46.bxc5 Bd4xc5
47.Rc2d2 Kc7
48.Rd2c2 Kb6
49.Ke5 Rd8f8
50.Rc2g2 Rf8e8
51.Kf4 Bc5d4
52.Rg2g6 Kb5
53.Kg5 Re8e3
54.h4 Bd4f6
55.Kxh5 Re3a3
56.Rg6g2 Ra3h3
57.Rg2g4 a5
58.a4 Kc5
59.Kg6 Rh3xh4
60.Rg4xh4 Bf6xh4
61.Kxg7 Kb4
62.f6 Kxa4
63.f7 Bh4e7
64.Kg6 Kb3
65.Kf5 a4
66.Ke6 Be7f8
67.Kd7 a3
68.Ke8 Bf8c5
69.Kd7 a2
70.Kc6 Bc5f8
{ abandon }0-1

[Event "Amical( 10J+24H/c 10J Max )"]
[Site "www.echecsemail.com"]
[Date "2026.01.23"]
[Round "1"]
[White "Patau"]
[Black "Woluwe1975"]
[WhiteElo "1710"]
[BlackElo "1660"]
[Result "1-0"]
1.e4 c6
2.Ng1f3 d6
3.g3 e5
4.Bf1g2 h6
5.O-O Bc8g4
6.d3 Nb8d7
7.Nb1d2 Bg4h5
8.Rf1e1 Ng8f6
9.Nd2f1 Bf8e7
10.Bc1e3 g5
11.h3 Qd8c7
12.Nf1h2 O-O-O
13.Nh2g4 Nf6xg4
14.hxg4 Bh5xg4
15.Qd1d2 Kb8
16.Qd2b4 c5
17.Qb4b5 a6
18.Qb5b3 Bg4e6
19.c4 Nd7f8
20.Nf3d2 Nf8g6
21.a4 Be7f6
22.a5 h5
23.Qb3b6 Qc7c6
24.Qb6xc6 bxc6
25.Re1b1 Ka7
26.b4 Rd8b8
27.bxc5 d5
28.cxd5 Be6d7
29.Nd2c4 h4
30.Rb1b6 h3
31.Bg2f3 g4
32.Bf3e2 Bf6d8
33.Rb6xb8 Kxb8
34.Ra1b1 Ka8
35.Nc4b6 Bd8xb6
36.Rb1xb6 Ka7
37.dxc6 Bd7e6
38.Rb6b7 Ka8
39.d4 Be6c8
40.Rb7xf7 Ng6f8
41.dxe5 Nf8e6
42.Be2xg4 h2
43.Kh1 Ne6g5
44.Be3xg5 Bc8xg4
45.c7 Bg4e6
46.Rf7e7 Be6g4
47.Re7f7 Kb7
48.Bg5d8 Kc8
49.e6 Bg4xe6
50.Rf7f4 Be6c4
51.Rf4h4 Rh8e8
52.Kxh2 Bc4e6
53.e5 Kb7
54.Rh4b4 Kc6
55.Rb4b6 Kd7
56.Rb6xa6 Re8h8
57.Kg2 Be6d5
58.f3 Bd5e6
59.Ra6xe6 { abandon }1-0